[Event "World Cup 2019"]
[Site "Khanty-Mansiysk"]
[Date "2019.09.10"]
[Round "1.30"]
[White "Jakovenko Dmitry (RUS)"]
[Black "Martinez Alcantara Jose Eduardo (PER)"]
[Result "1-0"]
[BlackElo "2596"]
[WhiteElo "2681"]
[LiveChessVersion "1.4.8"]

1. e4 {[%clk 1:30:55]} c5 {[%clk 1:30:50]} 2. Nf3 {[%clk 1:31:19]} d6
{[%clk 1:31:15]} 3. d4 {[%clk 1:31:20]} cxd4 {[%clk 1:31:37]} 4. Nxd4
{[%clk 1:31:48]} Nf6 {[%clk 1:31:58]} 5. Nc3 {[%clk 1:32:17]} a6 {[%clk 1:32:22]}
6. f3 {[%clk 1:32:43]} e5 {[%clk 1:32:34]} 7. Nb3 {[%clk 1:33:09]} Be6
{[%clk 1:32:58]} 8. Be3 {[%clk 1:33:36]} h5 {[%clk 1:33:18]} 9. Qd2
{[%clk 1:34:01]} Nbd7 {[%clk 1:33:38]} 10. Nd5 {[%clk 1:34:25]} Bxd5
{[%clk 1:31:14]} 11. exd5 {[%clk 1:30:50]} Qc7 {[%clk 1:31:37]} 12. O-O-O
{[%clk 1:28:53]} Nb6 {[%clk 1:26:41]} 13. Qa5 {[%clk 1:25:57]} Rc8
{[%clk 1:25:20]} 14. c3 {[%clk 1:25:54]} Nbd7 {[%clk 1:20:44]} 15. Kb1
{[%clk 1:16:56]} g6 {[%clk 1:17:24]} 16. Qb4 {[%clk 1:11:23]} Bh6
{[%clk 1:09:33]} 17. Bxh6 {[%clk 1:11:46]} Rxh6 {[%clk 1:10:00]} 18. f4
{[%clk 1:12:09]} Ng4 {[%clk 0:45:35]} 19. fxe5 {[%clk 0:58:15]} Ngxe5
{[%clk 0:44:13]} 20. Qf4 {[%clk 0:57:01]} Rh8 {[%clk 0:42:24]} 21. Be2
{[%clk 0:47:26]} Kf8 {[%clk 0:41:37]} 22. Nd4 {[%clk 0:47:30]} Kg8
{[%clk 0:41:22]} 23. h4 {[%clk 0:37:42]} Re8 {[%clk 0:38:25]} 24. g4
{[%clk 0:35:27]} hxg4 {[%clk 0:25:22]} 25. h5 {[%clk 0:35:11]} gxh5
{[%clk 0:21:59]} 26. Ne6 {[%clk 0:31:39]} Qb6 {[%clk 0:18:59]} 27. Qg5+
{[%clk 0:25:57]} Ng6 {[%clk 0:19:20]} 28. Bxg4 {[%clk 0:15:43]} Nde5
{[%clk 0:09:30]} 29. Qf6 {[%clk 0:16:00]} fxe6 {[%clk 0:07:53]} 30. Bxe6+
{[%clk 0:16:11]} Rxe6 {[%clk 0:08:22]} 31. dxe6 {[%clk 0:16:29]} Qc6
{[%clk 0:07:19]} 32. Rhe1 {[%clk 0:06:38]} Kh7 {[%clk 0:05:43]} 33. e7
{[%clk 0:06:26]} d5 {[%clk 0:03:56]} 34. Qf5 {[%clk 0:05:32]} Qd6
{[%clk 0:04:22]} 35. Qxh5+ {[%clk 0:05:54]} Kg7 {[%clk 0:04:51]} 36. Qxh8+
{[%clk 0:06:16]} 1-0

[Event "World Cup 2019"]
[Site "Khanty-Mansiysk"]
[Date "2019.09.10"]
[Round "1.37"]
[White "Aravindh Chithambaram VR. (IND)"]
[Black "Adams Michael (ENG)"]
[Result "1/2-1/2"]
[BlackElo "2694"]
[WhiteElo "2609"]
[LiveChessVersion "1.4.8"]

1. d4 {[%clk 1:30:52]} Nf6 {[%clk 1:30:53]} 2. c4 {[%clk 1:31:16]} e6
{[%clk 1:31:20]} 3. Nc3 {[%clk 1:31:39]} Bb4 {[%clk 1:31:44]} 4. f3
{[%clk 1:32:02]} c5 {[%clk 1:31:57]} 5. d5 {[%clk 1:32:23]} O-O {[%clk 1:32:15]}
6. e4 {[%clk 1:32:41]} d6 {[%clk 1:32:40]} 7. Nge2 {[%clk 1:32:56]} a6
{[%clk 1:31:32]} 8. Nf4 {[%clk 1:31:06]} exd5 {[%clk 1:29:15]} 9. cxd5
{[%clk 1:30:06]} Nbd7 {[%clk 1:29:15]} 10. Be2 {[%clk 1:23:36]} Ne5
{[%clk 1:27:52]} 11. Nd3 {[%clk 1:10:11]} Nxd3+ {[%clk 1:19:45]} 12. Qxd3
{[%clk 1:09:48]} Nd7 {[%clk 1:15:17]} 13. f4 {[%clk 0:44:37]} b5 {[%clk 1:03:08]}
14. O-O {[%clk 0:44:39]} Re8 {[%clk 0:58:52]} 15. Qc2 {[%clk 0:15:16]} c4
{[%clk 0:54:28]} 16. a4 {[%clk 0:14:35]} Rb8 {[%clk 0:46:50]} 17. axb5
{[%clk 0:13:40]} axb5 {[%clk 0:47:15]} 18. Bf3 {[%clk 0:11:59]} Nc5
{[%clk 0:36:34]} 19. Be3 {[%clk 0:12:12]} Nb3 {[%clk 0:36:12]} 20. Rad1
{[%clk 0:09:49]} Bd7 {[%clk 0:35:41]} 21. Kh1 {[%clk 0:08:36]} Bc5
{[%clk 0:34:16]} 22. Qf2 {[%clk 0:05:30]} Qb6 {[%clk 0:27:19]} 23. Bxc5
{[%clk 0:02:56]} Nxc5 {[%clk 0:25:03]} 24. e5 {[%clk 0:03:02]} b4
{[%clk 0:17:36]} 25. e6 {[%clk 0:02:01]} bxc3 {[%clk 0:17:21]} 26. exd7
{[%clk 0:02:25]} Nxd7 {[%clk 0:17:37]} 27. Qxb6 {[%clk 0:02:35]} Rxb6
{[%clk 0:13:50]} 28. bxc3 {[%clk 0:03:00]} Rb3 {[%clk 0:13:10]} 29. Ra1
{[%clk 0:03:12]} Nc5 {[%clk 0:10:29]} 30. h4 {[%clk 0:02:43]} Kf8
{[%clk 0:08:48]} 31. Kh2 {[%clk 0:01:46]} Rxc3 {[%clk 0:08:15]} 32. Ra7
{[%clk 0:01:02]} Nb3 {[%clk 0:05:05]} 33. Bg4 {[%clk 0:01:04]} Rd3
{[%clk 0:04:46]} 34. Bd7 {[%clk 0:00:45]} Ree3 {[%clk 0:02:47]} 35. Bb5
{[%clk 0:00:33]} Rc3 {[%clk 0:02:48]} 36. f5 {[%clk 0:00:39]} f6 {[%clk 0:02:27]}
1/2-1/2

[Event "World Cup 2019"]
[Site "Khanty-Mansiysk"]
[Date "2019.09.10"]
[Round "1.44"]
[White "Anton Guijarro David (ESP)"]
[Black "Narayanan.S.L (IND)"]
[Result "1-0"]
[BlackElo "2611"]
[WhiteElo "2674"]
[LiveChessVersion "1.4.8"]

1. c4 {[%clk 1:30:55]} e5 {[%clk 1:30:48]} 2. g3 {[%clk 1:31:08]} c6
{[%clk 1:31:09]} 3. d4 {[%clk 1:30:56]} e4 {[%clk 1:31:26]} 4. Qa4
{[%clk 1:31:02]} d5 {[%clk 1:30:40]} 5. cxd5 {[%clk 1:30:59]} Nf6
{[%clk 1:30:46]} 6. Nc3 {[%clk 1:29:49]} b5 {[%clk 1:31:05]} 7. Qc2
{[%clk 1:29:21]} Bb4 {[%clk 1:31:27]} 8. Bg5 {[%clk 1:14:51]} cxd5
{[%clk 1:29:14]} 9. e3 {[%clk 1:14:12]} a6 {[%clk 1:00:23]} 10. a4
{[%clk 1:07:55]} h6 {[%clk 0:58:26]} 11. Bxf6 {[%clk 1:05:41]} Qxf6
{[%clk 0:58:50]} 12. axb5 {[%clk 1:03:56]} O-O {[%clk 0:50:18]} 13. Nge2
{[%clk 1:01:04]} Bb7 {[%clk 0:48:28]} 14. Bh3 {[%clk 0:50:46]} axb5
{[%clk 0:45:29]} 15. Rxa8 {[%clk 0:50:21]} Bxa8 {[%clk 0:44:23]} 16. Qb3
{[%clk 0:45:17]} Qd6 {[%clk 0:39:03]} 17. O-O {[%clk 0:43:41]} Bc6
{[%clk 0:29:31]} 18. Ra1 {[%clk 0:41:28]} Bxc3 {[%clk 0:24:10]} 19. bxc3
{[%clk 0:37:41]} Nd7 {[%clk 0:17:41]} 20. Qb4 {[%clk 0:34:51]} Qc7
{[%clk 0:14:02]} 21. Qe7 {[%clk 0:31:02]} Rc8 {[%clk 0:13:40]} 22. Nf4
{[%clk 0:18:04]} Nf6 {[%clk 0:13:37]} 23. Qe5 {[%clk 0:16:52]} Bd7
{[%clk 0:13:40]} 24. Qxc7 {[%clk 0:16:38]} Rxc7 {[%clk 0:14:06]} 25. Bxd7
{[%clk 0:17:00]} Rxd7 {[%clk 0:14:31]} 26. Ra6 {[%clk 0:13:20]} Kf8
{[%clk 0:09:06]} 27. Rb6 {[%clk 0:13:07]} Ke7 {[%clk 0:09:31]} 28. h3
{[%clk 0:10:01]} g5 {[%clk 0:09:33]} 29. Ne2 {[%clk 0:09:58]} Rd6
{[%clk 0:04:17]} 30. Rxb5 {[%clk 0:09:22]} Rc6 {[%clk 0:02:06]} 31. g4
{[%clk 0:08:17]} Ke6 {[%clk 0:01:10]} 32. Ng3 {[%clk 0:07:55]} Ne8
{[%clk 0:01:34]} 33. Nxe4 {[%clk 0:06:17]} Nc7 {[%clk 0:00:54]} 34. Nc5+
{[%clk 0:06:15]} Kf6 {[%clk 0:00:55]} 35. Rb7 {[%clk 0:05:45]} Ne6
{[%clk 0:01:12]} 36. Nd7+ {[%clk 0:03:32]} Kg7 {[%clk 0:01:34]} 37. Ne5
{[%clk 0:03:40]} Rc7 {[%clk 0:02:01]} 38. Rb3 {[%clk 0:02:46]} f6
{[%clk 0:01:36]} 39. Nd3 {[%clk 0:02:35]} 1-0

[Event "World Cup 2019"]
[Site "Khanty-Mansiysk"]
[Date "2019.09.10"]
[Round "1.47"]
[White "Sethuraman S.P. (IND)"]
[Black "Nabaty Tamir (ISR)"]
[Result "0-1"]
[BlackElo "2658"]
[WhiteElo "2624"]
[LiveChessVersion "1.4.8"]

1. c4 {[%clk 1:30:45]} e5 {[%clk 1:30:28]} 2. Nc3 {[%clk 1:30:46]} c5
{[%clk 1:30:33]} 3. Nf3 {[%clk 1:23:52]} Nc6 {[%clk 1:30:34]} 4. e3
{[%clk 1:23:52]} Nf6 {[%clk 1:30:03]} 5. d4 {[%clk 1:24:03]} cxd4
{[%clk 1:27:34]} 6. exd4 {[%clk 1:24:21]} e4 {[%clk 1:27:45]} 7. Ne5
{[%clk 1:24:41]} Bb4 {[%clk 1:27:42]} 8. Be2 {[%clk 1:21:34]} Qa5
{[%clk 1:26:02]} 9. Nxc6 {[%clk 1:20:58]} dxc6 {[%clk 1:24:45]} 10. Bd2
{[%clk 1:20:31]} O-O {[%clk 1:23:00]} 11. O-O {[%clk 1:18:55]} Rd8
{[%clk 1:15:40]} 12. a3 {[%clk 1:18:40]} Bxc3 {[%clk 1:16:00]} 13. bxc3
{[%clk 1:19:07]} c5 {[%clk 1:05:15]} 14. a4 {[%clk 0:56:06]} cxd4
{[%clk 1:00:49]} 15. cxd4 {[%clk 0:55:48]} Qf5 {[%clk 1:00:21]} 16. d5
{[%clk 0:47:16]} Qg6 {[%clk 0:54:44]} 17. Kh1 {[%clk 0:40:40]} Bg4
{[%clk 0:49:31]} 18. f3 {[%clk 0:40:55]} Bf5 {[%clk 0:49:04]} 19. Qb3
{[%clk 0:34:24]} Re8 {[%clk 0:40:34]} 20. Rg1 {[%clk 0:24:11]} Rac8
{[%clk 0:31:58]} 21. Be3 {[%clk 0:17:19]} exf3 {[%clk 0:23:33]} 22. gxf3
{[%clk 0:17:43]} Ng4 {[%clk 0:22:52]} 23. fxg4 {[%clk 0:08:19]} Bc2
{[%clk 0:20:47]} 24. Qc3 {[%clk 0:07:31]} Be4+ 25. Rg2 {[%clk 0:07:55]} Bxd5
{[%clk 0:20:44]} 26. Rd1 {[%clk 0:06:14]} Bc6 {[%clk 0:15:32]} 27. Bf1
{[%clk 0:05:19]} Qxg4 {[%clk 0:13:46]} 28. Rdd2 {[%clk 0:05:03]} f6
{[%clk 0:12:54]} 29. Kg1 {[%clk 0:04:32]} Bxg2 {[%clk 0:11:53]} 30. Rxg2
{[%clk 0:04:58]} Qe4 {[%clk 0:07:52]} 31. Bxa7 {[%clk 0:04:01]} Rcd8
{[%clk 0:07:19]} 32. Qb3 {[%clk 0:02:18]} Re5 {[%clk 0:05:19]} 33. Bb6
{[%clk 0:01:00]} Rd7 {[%clk 0:05:03]} 34. Qc2 {[%clk 0:00:42]} Qc6
{[%clk 0:02:43]} 35. a5 {[%clk 0:01:08]} Re1 {[%clk 0:02:25]} 36. Re2
{[%clk 0:00:33]} Ra1 {[%clk 0:01:57]} 37. Rd2 {[%clk 0:00:38]} Qf3
{[%clk 0:01:17]} 38. Rf2 {[%clk 0:00:34]} Qg4+ {[%clk 0:01:04]} 39. Rg2
{[%clk 0:01:01]} Rxf1+ {[%clk 0:00:32]} 40. Kxf1 {[%clk 0:31:27]} Rd1+
{[%clk 0:30:56]} 41. Kf2 {[%clk 0:31:54]} Qf4+ {[%clk 0:29:25]} 42. Ke2
{[%clk 0:31:33]} Rc1 {[%clk 0:27:23]} 43. Qb3 {[%clk 0:08:18]} Qe4+
{[%clk 0:23:14]} 44. Kd2 {[%clk 0:08:42]} Rb1 {[%clk 0:23:39]} 0-1

[Event "World Cup 2019"]
[Site "Khanty-Mansiysk"]
[Date "2019.09.11"]
[Round "2.8"]
[White "Escobar Forero Alder (COL)"]
[Black "Dominguez Perez Leinier (USA)"]
[Result "0-1"]
[BlackElo "2763"]
[WhiteElo "2504"]
[LiveChessVersion "1.4.8"]

1. e4 {[%clk 1:30:56]} c5 {[%clk 1:30:47]} 2. Nf3 {[%clk 1:31:20]} d6
{[%clk 1:31:10]} 3. d4 {[%clk 1:31:43]} cxd4 {[%clk 1:31:32]} 4. Qxd4
{[%clk 1:32:08]} Nf6 {[%clk 1:28:26]} 5. Be2 {[%clk 1:32:33]} Nc6
{[%clk 1:27:42]} 6. Qe3 {[%clk 1:32:54]} g6 {[%clk 1:27:01]} 7. O-O
{[%clk 1:33:09]} Bg7 {[%clk 1:26:47]} 8. h3 {[%clk 1:32:52]} O-O {[%clk 1:11:44]}
9. Rd1 {[%clk 1:31:45]} Be6 {[%clk 0:46:38]} 10. c4 {[%clk 1:20:57]} Qb6
{[%clk 0:39:37]} 11. Nc3 {[%clk 1:07:35]} Rfc8 {[%clk 0:40:00]} 12. Ng5
{[%clk 0:57:43]} Nd7 {[%clk 0:30:57]} 13. Qg3 {[%clk 0:18:50]} Nce5
{[%clk 0:26:20]} 14. b3 {[%clk 0:17:32]} Nc6 {[%clk 0:19:20]} 15. Be3
{[%clk 0:15:06]} Qa5 {[%clk 0:13:50]} 16. Bd2 {[%clk 0:15:30]} Qa3
{[%clk 0:10:44]} 17. Rab1 {[%clk 0:12:23]} a6 {[%clk 0:08:15]} 18. h4
{[%clk 0:09:55]} Nd4 {[%clk 0:05:40]} 19. Bf1 {[%clk 0:10:19]} b5
{[%clk 0:04:57]} 20. h5 {[%clk 0:09:17]} bxc4 {[%clk 0:03:37]} 21. hxg6
{[%clk 0:08:27]} hxg6 {[%clk 0:03:28]} 22. Nxe6 {[%clk 0:05:22]} Nxe6
{[%clk 0:03:54]} 23. Bxc4 {[%clk 0:05:00]} Nd4 {[%clk 0:03:29]} 24. Qg5
{[%clk 0:02:31]} e6 {[%clk 0:03:06]} 25. Be1 {[%clk 0:01:47]} Nc2
{[%clk 0:02:14]} 26. Bd2 {[%clk 0:01:47]} Nb6 {[%clk 0:02:31]} 27. Bxe6
{[%clk 0:01:36]} fxe6 {[%clk 0:02:35]} 28. Qxg6 {[%clk 0:02:04]} Qc5
{[%clk 0:01:19]} 29. Qxe6+ {[%clk 0:01:45]} Kh7 {[%clk 0:01:47]} 30. Nd5
{[%clk 0:00:48]} Nxd5 {[%clk 0:01:54]} 31. exd5 {[%clk 0:00:40]} Rf8
{[%clk 0:01:41]} 32. Qh3+ {[%clk 0:00:40]} Kg8 {[%clk 0:02:08]} 33. Qe6+
{[%clk 0:01:03]} Rf7 {[%clk 0:02:16]} 34. Be3 {[%clk 0:01:15]} Nxe3
{[%clk 0:01:59]} 35. fxe3 {[%clk 0:01:33]} Be5 {[%clk 0:02:01]} 36. Rf1
{[%clk 0:00:55]} Qxe3+ {[%clk 0:01:40]} 37. Kh1 {[%clk 0:01:20]} Raf8
{[%clk 0:01:11]} 38. Rxf7 {[%clk 0:01:05]} Rxf7 {[%clk 0:01:38]} 39. Rf1
{[%clk 0:01:29]} Qh6+ {[%clk 0:01:16]} 0-1

[Event "World Cup 2019"]
[Site "Khanty-Mansiysk"]
[Date "2019.09.11"]
[Round "2.64"]
[White "Oparin Grigoriy (RUS)"]
[Black "Movsesian Sergei (ARM)"]
[Result "0-1"]
[BlackElo "2654"]
[WhiteElo "2654"]
[LiveChessVersion "1.4.8"]

1. d4 {[%clk 1:30:56]} Nf6 {[%clk 1:30:50]} 2. c4 {[%clk 1:31:22]} e6
{[%clk 1:31:13]} 3. g3 {[%clk 1:31:42]} Bb4+ {[%clk 1:30:22]} 4. Nd2
{[%clk 1:30:02]} a5 {[%clk 1:30:10]} 5. Bg2 {[%clk 1:29:43]} d5 {[%clk 1:26:26]}
6. Ngf3 {[%clk 1:30:04]} O-O {[%clk 1:24:43]} 7. O-O {[%clk 1:30:22]} b6
{[%clk 1:24:24]} 8. Ne5 {[%clk 1:20:19]} Bb7 {[%clk 1:21:58]} 9. Qc2
{[%clk 1:18:27]} Be7 {[%clk 1:10:41]} 10. Rd1 {[%clk 1:11:51]} Na6
{[%clk 1:04:32]} 11. cxd5 {[%clk 0:55:43]} Nb4 {[%clk 0:57:53]} 12. Qb1
{[%clk 0:54:46]} exd5 {[%clk 0:56:44]} 13. a3 {[%clk 0:42:43]} Nc6
{[%clk 0:52:16]} 14. Ndc4 {[%clk 0:42:53]} Ne4 {[%clk 0:51:00]} 15. Ne3
{[%clk 0:33:33]} Na7 {[%clk 0:48:21]} 16. Nf5 {[%clk 0:31:23]} Bf6
{[%clk 0:42:47]} 17. Bf4 {[%clk 0:30:52]} Nb5 {[%clk 0:39:52]} 18. Qc2
{[%clk 0:28:09]} Nbd6 {[%clk 0:34:20]} 19. Nxd6 {[%clk 0:27:01]} cxd6
{[%clk 0:33:33]} 20. Ng4 {[%clk 0:26:50]} Be7 {[%clk 0:32:49]} 21. h4
{[%clk 0:25:01]} Qd7 {[%clk 0:21:07]} 22. Ne3 {[%clk 0:25:00]} Rfc8
{[%clk 0:19:16]} 23. Qd3 {[%clk 0:22:39]} Qc6 {[%clk 0:14:10]} 24. Nf5
{[%clk 0:19:33]} Bf8 {[%clk 0:13:40]} 25. Rdc1 {[%clk 0:19:04]} Qe8
{[%clk 0:12:39]} 26. Ne3 {[%clk 0:17:28]} a4 {[%clk 0:12:22]} 27. f3
{[%clk 0:07:50]} Rxc1+ {[%clk 0:11:36]} 28. Rxc1 {[%clk 0:08:14]} Ba6
{[%clk 0:12:00]} 29. Qd1 {[%clk 0:05:31]} Nxg3 {[%clk 0:12:11]} 30. Bxg3
{[%clk 0:05:58]} Qxe3+ {[%clk 0:12:35]} 31. Bf2 {[%clk 0:06:27]} Qe8
{[%clk 0:10:42]} 32. e3 {[%clk 0:05:42]} Bc4 {[%clk 0:10:54]} 33. f4
{[%clk 0:05:53]} b5 {[%clk 0:09:38]} 34. Qh5 {[%clk 0:05:59]} Qe6
{[%clk 0:07:08]} 35. Kh2 {[%clk 0:03:20]} Rb8 {[%clk 0:06:49]} 36. Bh3
{[%clk 0:02:58]} Qf6 {[%clk 0:05:33]} 37. Be1 {[%clk 0:02:24]} Re8
{[%clk 0:04:03]} 38. Bd2 {[%clk 0:02:49]} Be7 {[%clk 0:04:22]} 39. Qg5
{[%clk 0:01:52]} Qxd4 {[%clk 0:03:05]} 40. exd4 {[%clk 0:30:51]} Bxg5
{[%clk 0:33:31]} 41. hxg5 {[%clk 0:22:14]} Re2+ {[%clk 0:32:30]} 42. Kg3
{[%clk 0:22:40]} Rxd2 {[%clk 0:32:55]} 43. Re1 {[%clk 0:23:08]} g6
{[%clk 0:32:26]} 44. Re8+ {[%clk 0:21:21]} Kg7 {[%clk 0:32:35]} 45. Re7
{[%clk 0:21:47]} Rd3+ {[%clk 0:32:01]} 0-1

[Event "World Cup 2019"]
[Site "Khanty-Mansiysk"]
[Date "2019.09.12"]
[Round "7.2"]
[White "Abasov Nijat (AZE)"]
[Black "Piorun Kacper (POL)"]
[Result "1/2-1/2"]
[BlackElo "2660"]
[WhiteElo "2632"]
[LiveChessVersion "1.4.8"]

1. d4 {[%clk 0:05:05]} f5 {[%clk 0:05:06]} 2. g3 {[%clk 0:05:07]} Nf6
{[%clk 0:05:08]} 3. Bg2 {[%clk 0:05:09]} d6 {[%clk 0:05:10]} 4. Nc3
{[%clk 0:04:28]} g6 {[%clk 0:04:55]} 5. e4 {[%clk 0:04:29]} fxe4 {[%clk 0:04:55]}
6. Nxe4 {[%clk 0:04:31]} Bg7 {[%clk 0:04:57]} 7. Nxf6+ {[%clk 0:04:21]} exf6
{[%clk 0:04:46]} 8. Ne2 {[%clk 0:04:24]} d5 {[%clk 0:04:30]} 9. O-O
{[%clk 0:04:14]} O-O {[%clk 0:04:31]} 10. Nf4 {[%clk 0:04:14]} c6
{[%clk 0:04:32]} 11. Re1 {[%clk 0:04:16]} Na6 {[%clk 0:04:26]} 12. c4
{[%clk 0:04:00]} g5 {[%clk 0:03:53]} 13. Nh5 {[%clk 0:03:53]} Nc7
{[%clk 0:03:46]} 14. Nxg7 {[%clk 0:03:33]} Kxg7 {[%clk 0:03:48]} 15. cxd5
{[%clk 0:03:33]} Nxd5 {[%clk 0:03:48]} 16. Qb3 {[%clk 0:03:29]} Rf7
{[%clk 0:03:43]} 17. Bd2 {[%clk 0:03:20]} Bf5 {[%clk 0:03:42]} 18. Re2
{[%clk 0:03:22]} Qd7 {[%clk 0:03:31]} 19. Rae1 {[%clk 0:03:22]} Bg4
{[%clk 0:03:26]} 20. Re4 {[%clk 0:02:54]} Bf5 {[%clk 0:03:19]} 21. R4e2
{[%clk 0:02:56]} Bh3 {[%clk 0:03:09]} 22. Bxd5 {[%clk 0:02:46]} cxd5
{[%clk 0:02:54]} 23. Bb4 {[%clk 0:02:46]} Rc8 {[%clk 0:02:37]} 24. f3
{[%clk 0:02:41]} h5 {[%clk 0:02:30]} 25. Qe3 {[%clk 0:02:05]} Qf5
{[%clk 0:02:22]} 26. Bc3 {[%clk 0:01:50]} Rcc7 {[%clk 0:02:15]} 27. Kf2
{[%clk 0:01:44]} Rc8 {[%clk 0:01:39]} 28. Qd2 {[%clk 0:01:38]} Bg4
{[%clk 0:01:18]} 29. Re3 {[%clk 0:01:32]} b6 {[%clk 0:01:12]} 30. Qd3
{[%clk 0:01:28]} Qxd3 {[%clk 0:01:09]} 31. Rxd3 {[%clk 0:01:30]} Bf5
{[%clk 0:01:08]} 32. Rde3 {[%clk 0:01:32]} g4 {[%clk 0:01:08]} 33. Re7
{[%clk 0:01:31]} gxf3 {[%clk 0:01:06]} 34. Rxf7+ {[%clk 0:01:33]} Kxf7
{[%clk 0:01:09]} 35. Kxf3 {[%clk 0:01:34]} Be4+ {[%clk 0:01:10]} 36. Ke3
{[%clk 0:01:23]} Rg8 {[%clk 0:01:01]} 37. Re2 {[%clk 0:01:20]} h4
{[%clk 0:01:00]} 38. gxh4 {[%clk 0:01:18]} Rg4 {[%clk 0:00:53]} 39. Be1
{[%clk 0:01:20]} f5 {[%clk 0:00:44]} 40. Bg3 {[%clk 0:01:21]} Rg8
{[%clk 0:00:35]} 41. Rf2 {[%clk 0:01:11]} Rc8 {[%clk 0:00:34]} 42. Kf4
{[%clk 0:01:11]} Kg6 {[%clk 0:00:28]} 43. Ke5 {[%clk 0:00:53]} a5
{[%clk 0:00:28]} 44. Kd6 {[%clk 0:00:43]} a4 {[%clk 0:00:28]} 45. a3
{[%clk 0:00:33]} Kh5 {[%clk 0:00:28]} 46. Ke5 {[%clk 0:00:34]} Rc1
{[%clk 0:00:18]} 47. Bf4 {[%clk 0:00:27]} Rg1 {[%clk 0:00:07]} 48. Bg5
{[%clk 0:00:20]} b5 {[%clk 0:00:08]} 49. Kf4 {[%clk 0:00:08]} Rg4+
{[%clk 0:00:06]} 50. Ke5 {[%clk 0:00:10]} Rg1 {[%clk 0:00:08]} 51. Kf6
{[%clk 0:00:11]} Rd1 {[%clk 0:00:06]} 52. Ke5 {[%clk 0:00:08]} Rg1
{[%clk 0:00:07]} 53. Kd6 {[%clk 0:00:07]} Rg2 {[%clk 0:00:06]} 54. Rxg2
{[%clk 0:00:08]} Bxg2 {[%clk 0:00:08]} 55. Ke5 {[%clk 0:00:10]} Kg6
{[%clk 0:00:07]} 56. Bd8 {[%clk 0:00:10]} Be4 {[%clk 0:00:07]} 57. Kf4
{[%clk 0:00:12]} Bc2 {[%clk 0:00:07]} 58. Be7 {[%clk 0:00:14]} Bb3
{[%clk 0:00:09]} 59. h5+ {[%clk 0:00:15]} Kxh5 {[%clk 0:00:11]} 60. Kxf5
{[%clk 0:00:17]} Bc4 {[%clk 0:00:13]} 61. Ke5 {[%clk 0:00:15]} Bb3
{[%clk 0:00:16]} 62. Kd6 {[%clk 0:00:17]} Bc4 {[%clk 0:00:18]} 63. Kc5
{[%clk 0:00:18]} Kg4 {[%clk 0:00:20]} 64. h4 {[%clk 0:00:20]} Kh5
{[%clk 0:00:22]} 65. Kd6 {[%clk 0:00:16]} Kg4 {[%clk 0:00:23]} 66. Ke5
{[%clk 0:00:18]} Kh5 {[%clk 0:00:26]} 67. Kf4 {[%clk 0:00:20]} Bb3
{[%clk 0:00:28]} 68. Ke4 1/2-1/2